000 00652nam a2200205 a 4500
005 20220905122852.0
008 020213s1999 ea r 000 0 eng d
020 _a0688169260
035 _aUPN01000116182
049 _aCE
050 4 _aNC1002 L63
_bB8.4
245 0 0 _aBullet-proof logos :
_bcreating great designs wich avoid legal problems /
_ced. David E. Carter ; introd. James R. Higgins.
260 _aNew York :
_bHBI,
_c1999.
300 _a184 p. :
_bil. col.
650 4 _aLOGOTIPO
_923255
650 4 _aIMAGEN Y DISEÑO CORPORATIVO
650 2 _aDiseño gráfico (Tipografía)
_914434
700 1 _aCarter, David E.,
_eed.
905 _aLibro
999 _c88966
_d88966